Loading...
| Literature - Euro Lit | 1 | 6 | 0 | 2 | 75 | 47 | 102.43 | 3 | 7 |
| Literature - World Lit | 0 | 5 | 0 | 0 | 50 | 83 | 100.40 | 3 | 5 |
| Thought - Philosophy | 0 | 5 | 1 | 2 | 45 | 77 | 104.20 | 0 | 5 |
| Other - Geo/CE | 1 | 2 | 0 | 0 | 35 | 35 | 81.33 | 0 | 3 |
| Literature - British Lit | 0 | 4 | 2 | 0 | 30 | 78 | 104.75 | 4 | 4 |
| Beliefs - Mythology | 0 | 3 | 1 | 2 | 25 | 126 | 134.67 | 0 | 3 |
| Science - Engineering | 1 | 1 | 0 | 0 | 25 | 39 | 77.00 | 1 | 2 |
| Literature - American Lit | 0 | 3 | 2 | 0 | 20 | 124 | 144.33 | 0 | 3 |
| Other - Other Academic | 1 | 0 | 0 | 0 | 15 | 59 | 59.00 | 1 | 1 |
| Beliefs - Religion | 0 | 2 | 1 | 0 | 15 | 103 | 115.50 | 0 | 2 |
| Science - Other Science | 0 | 1 | 0 | 0 | 10 | 125 | 125.00 | 0 | 1 |
| History - World History | 0 | 1 | 0 | 0 | 10 | 111 | 111.00 | 0 | 1 |
| Other - Pop Culture | 0 | 1 | 0 | 0 | 10 | 126 | 126.00 | 0 | 1 |
| Arts - Other Arts | 0 | 1 | 1 | 0 | 5 | 121 | 121.00 | 1 | 1 |
| Arts - Painting | 0 | 1 | 1 | 0 | 5 | 136 | 136.00 | 0 | 1 |
| History - Euro History | 0 | 1 | 1 | 0 | 5 | 93 | 93.00 | 1 | 1 |
| Thought - Social Science | 0 | 0 | 1 | 0 | -5 | 0.00 | 0 | 0 | |
| History - Other History | 0 | 0 | 1 | 0 | -5 | 0.00 | 0 | 0 | |
| Arts - Music | 0 | 0 | 1 | 0 | -5 | 0.00 | 0 | 0 |